[Event "Tomsk-ch"]
[Site "Tomsk"]
[Date "2010.12.18"]
[Round "10"]
[White "Sviridov, Valery"]
[Black "Beletsky, Alexey"]
[Result "0-1"]
[WhiteElo "2246"]
[BlackElo "2307"]
[PlyCount "64"]
[EventDate "2010.12.06"]
[EventType "tourn"]
[EventRounds "11"]
[EventCountry "RUS"]
[SourceTitle "EXT 2022"]
[Source "ChessBase"]
[SourceDate "2021.10.06"]
[SourceVersion "1"]
[SourceVersionDate "2021.10.06"]
[SourceQuality "1"]

1. e4 Nf6 2. e5 Nd5 3. d4 d6 4. Nf3 g6 5. Bc4 Nb6 6. Bb3 Bg7 7. Ng5 e6 8. Qf3 Qe7 9. Ne4 dxe5 10. Bg5 Qb4+ 11. c3 Qa5 12. Bf6 0-0 13. Bxg7 Kxg7 14. Qf6+ Kg8 15. Qxe5 Qxe5 16. dxe5 Bd7 17. Nbd2 Bc6 18. f4 N8d7 19. 0-0 Kg7 20. g3 Rad8 21. Rfe1 Nc5 22. Bc2 Nxe4 23. Nxe4 Bxe4 24. Bxe4 Rd2 25. b3 c6 26. Red1 Rfd8 27. Rxd2 Rxd2 28. a4 a5 29. b4 axb4 30. cxb4 Rd4 31. a5 Rxe4 32. axb6 Rxb4 0-1

[Event "Tomsk-ch"]
[Site "Tomsk"]
[Date "2010.12.13"]
[Round "7"]
[White "Beletsky, Alexey"]
[Black "Puraev, Artemiy"]
[Result "0-1"]
[WhiteElo "2307"]
[BlackElo "2188"]
[PlyCount "128"]
[EventDate "2010.12.06"]
[EventType "tourn"]
[EventRounds "11"]
[EventCountry "RUS"]
[SourceTitle "EXT 2022"]
[Source "ChessBase"]
[SourceDate "2021.10.06"]
[SourceVersion "1"]
[SourceVersionDate "2021.10.06"]
[SourceQuality "1"]

1. e4 e6 2. d4 d5 3. Nc3 Nf6 4. Bg5 Bb4 5. exd5 Qxd5 6. Bxf6 gxf6 7. Nge2 Nc6 8. a3 Bxc3+ 9. Nxc3 Qxd4 10. Qxd4 Nxd4 11. 0-0-0 Nf5 12. Nb5 Ke7 13. Nxc7 Rb8 14. Nb5 Bd7 15. Nd4 Nxd4 16. Rxd4 Bc6 17. Rg1 Rbg8 18. g3 h5 19. h4 f5 20. Be2 e5 21. Rd3 f4 22. Re1 e4 23. Bf1 fxg3 24. fxg3 f5 25. c4 Kf6 26. Rc3 Rh7 27. b4 Rc8 28. Kd2 Be8 29. Ke3 Ke5 30. Be2 Rg7 31. Kf2 Rd7 32. Ke3 Rcd8 33. Rec1 Rg7 34. Kf2 Rd2 35. b5 f4 36. gxf4+ Kxf4 37. Rf1 Rb2 38. a4 Ke5 39. c5 Bd7 40. c6 bxc6 41. bxc6 Bg4 42. Re1 Rf7+ 43. Kg3 Bxe2 44. Rxe2 Rxe2 45. c7 Rg7+ 46. Kh3 Re3+ 47. Rxe3 Rxc7 48. Rb3 Kd4 49. Rb5 e3 50. Kg2 Rf7 51. Rb4+ Kd3 52. Rb3+ Kd2 53. Rb2+ Kc3 54. Rb8 Rf2+ 55. Kg1 Kd3 56. Rd8+ Ke2 57. Rd7 Rf4 58. Rxa7 Rg4+ 59. Kh2 Rxh4+ 60. Kg3 Rg4+ 61. Kh2 Rd4 62. Re7 Rxa4 63. Kg3 Rg4+ 64. Kh3 Kf3 0-1